History Quiz

Random History or Letter Quiz

World Battles A-Z Quiz Stats

Quiz not verified by Sporcle

Challenge
Share
Tweet
Embed
Score 0/26 Timer 10:00
0 Plays Today
Letter Battle % Correct
CFall of Constantinople
68.2%
DDien Bien Phu
68.2%
YYpres
66.7%
JJutland
65.2%
VVerdun
65.2%
ZZama
62.1%
GGaugamela
59.1%
OOrleans
57.6%
SSalamis
56.1%
PPoitiers
51.5%
HHattin
50%
AAdrianople
47%
LLepanto
47%
Letter Battle % Correct
BBlenheim
45.5%
RRorke's Drift
45.5%
MManzikert
43.9%
T1st Battle of Tannenberg
31.8%
IImphal
21.2%
NNarvik
21.2%
FFort Donelson
16.7%
EEdgehill
15.2%
QQuiberon Bay
12.1%
KKennesaw Mountain
7.6%
XXiaoting
6.1%
UUman
4.5%
WWesterplatte
3%

You're not logged in!

Compare scores with friends on all Sporcle quizzes.
Join for Free
OR
Log In

You Might Also Like...

Show Comments

Extras

Top Quizzes Today


Score Distribution

Your Account Isn't Verified!

In order to create a playlist on Sporcle, you need to verify the email address you used during registration. Go to your Sporcle Settings to finish the process.

Report this User

Report this user for behavior that violates our Community Guidelines.

Details: